Le masque sanitaire sous toutes ses coutures (notice n° 2198469)

détails MARC
000 -LEADER
fixed length control field 02042cam a2200217 4500500
005 - DATE AND TIME OF LATEST TRANSACTION
control field 20260405085543.0
041 ## - LANGUAGE CODE
Language code of text/sound track or separate title fre
042 ## - AUTHENTICATION CODE
Authentication code dc
100 10 - MAIN ENTRY--PERSONAL NAME
Personal name Cochoy, Franck
Relator term author
245 00 - TITLE STATEMENT
Title Le masque sanitaire sous toutes ses coutures
260 ## - PUBLICATION, DISTRIBUTION, ETC.
Name of publisher, distributor, etc. Armand Colin,<br/>
Date of publication, distribution, etc. 2022.<br/>
520 ## - SUMMARY, ETC.
Summary, etc. En 2020, quand la Covid nous est tombée sur la tête, les masques sanitaires nous sont aussi tombés sur le nez. Cela dit, Covid et masques sont-ils indissociables ? Le masque n’a-t-il pas des origines plus anciennes ? Est-il désormais devenu un article de mode ? Le masque sanitaire standard a-t-il muté en de multiples « variants » ? Comment se saisir des masques selon qu’on les destine à des enfants, à des « premiers de corvée », à des soignants ou à des commerçants ? Le masque a-t-il été porteur de préoccupations environnementales selon qu’il est jetable ou fait maison ? Comment discours savants et profanes sur la « vérité » des masques s’articulent-ils ? Cet ouvrage foisonnant apporte des réponses à ces questions et à bien d’autres encore. Il mobilise pour cela un riche éventail de données : archives historiques, témoignages, entretiens, articles de presse, discussions en ligne, etc. Il est le produit d’un travail collectif de sociologues des sciences et des techniques, des marchés, de la santé et de l’action publique. Le masque sanitaire y est abordé sous toutes ses coutures afin d’explorer les nombreux enjeux qu’il a suscités, et de nous aider ainsi à mieux apprivoiser cet intrus venu soudain envahir mais aussi protéger le cours de nos vies.
700 10 - ADDED ENTRY--PERSONAL NAME
Personal name Gaglio, Gérald
Relator term author
700 10 - ADDED ENTRY--PERSONAL NAME
Personal name Daniau, Anaïs
Relator term author
700 10 - ADDED ENTRY--PERSONAL NAME
Personal name Akrich, Madeleine
Relator term author
700 10 - ADDED ENTRY--PERSONAL NAME
Personal name Calvignac, Cédric
Relator term author
700 10 - ADDED ENTRY--PERSONAL NAME
Personal name Canu, Roland
Relator term author
700 10 - ADDED ENTRY--PERSONAL NAME
Personal name Mallard, Alexandre
Relator term author
700 10 - ADDED ENTRY--PERSONAL NAME
Personal name Meyer, Morgan
Relator term author
856 41 - ELECTRONIC LOCATION AND ACCESS
Uniform Resource Identifier <a href="https://stm.cairn.info/le-masque-sanitaire-sous-toutes-ses-coutures--9782200634025?lang=fr&redirect-ssocas=7080">https://stm.cairn.info/le-masque-sanitaire-sous-toutes-ses-coutures--9782200634025?lang=fr&redirect-ssocas=7080</a>

Pas d'exemplaire disponible.

PLUDOC

PLUDOC est la plateforme unique et centralisée de gestion des bibliothèques physiques et numériques de Guinée administré par le CEDUST. Elle est la plus grande base de données de ressources documentaires pour les Étudiants, Enseignants chercheurs et Chercheurs de Guinée.

Adresse

627 919 101/664 919 101

25 boulevard du commerce
Kaloum, Conakry, Guinée

Réseaux sociaux

Powered by Netsen Group @ 2025